Statistics for Monarchs by Letter - H

Click here to take the quiz!

General Stats

  • This quiz has been taken 44 times
  • The average score is 9 of 18

Answer Stats

ReignNationTitleHintMonarch% Correct
1509–1547KingAnne Boleyn's husbandHenry VIII
100%
1926–1989EmperorRuled during WWIIHirohito
90%
117–138EmperorBuilt a wall in northern EnglandHadrian
88%
958–986,
970–986
,
KingNamesake of a data-sharing wireless technology.
Also introduced Christianity to Denmark
Harald Bluetooth
85%
1991–KingPatron of World SailingHarald V
83%
1930–1974EmperorRastafarians worship him as their MessiahHaile Selassie
65%
37–4 BCKingKnown for the Massacre of the InnocentsHerod
63%
1952–1999KingSigned a peace treaty with IsraelHussein
63%
1792–1750 BCKingHis code of laws called for "an eye for an eye"Hammurabi
58%
1961–1999KingSurvived two failed coup d'étatsHassan II
50%
1905–1957KingFirst independent Norwegian monarch since 1387Haakon VII
45%
2002–KingChanged his title from "emir" to "king"Hamad
43%
393–423EmperorWestern Roman Empire's "honorable" emperorHonorius
33%
1989–PrinceRichest European monarchHans-Adam II
28%
1527–1532Sapa IncaPeru's tallest mountain is named after himHuáscar
20%
2020–SultanSucceeded Qaboos bin SaidHaitham
13%
786–809CaliphAbbasid caliph whose life and court are included
in the "Arabian Nights"
Harun al-Rashid
13%
1967–SultanLongest-serving current male monarchHassanal Bolkiah
13%

Score Distribution

Percentile by Number Answered

Percent of People with Each Score

Your Score History

You have not taken this quiz